Catalog

Record Details

Catalog Search



The fright at zombie farm / written by Laurie S. ... Read More

Sutton, Laurie,(author.).
Neely, Scott,(illustrator.).

Available copies

  • 1 of 1 copy available at LARL/NWRL Consortium.
  • 1 of 1 copy available at Lake Agassiz Regional Library. (Show preferred library)

Current holds

0 current holds with 1 total copy.

Show Only Available Copies
Location Call Number / Copy Notes Barcode Shelving Location Status Due Date
Detroit Lakes Public Library J SUT (Text) 33500012053948 Main Available -

Record details

  • ISBN: 9781434297136 (library binding)
  • ISBN: 1434297136 (library binding)
  • ISBN: 9781434297150 (pbk.)
  • ISBN: 1434297152 (pbk.)
  • Physical Description: 105 pages : color illustrations ; 19 cm.
  • Publisher: North Mankato, Minnesota : Stone Arch Books, a Capstone imprint, [2015]

Content descriptions

General Note:
"Possible 12 endings"--Cover.
Summary, etc.:
When the gang drives out to Bushytail Farm to ... Read More
Subject: Scooby-Doo (Fictitious character) > Juvenile fiction.
Great Dane > Juvenile fiction.
Zombies > Juvenile fiction.
Farms > Juvenile fiction.
Plot-your-own stories.
Detective and mystery stories.
Scooby-Doo (Fictitious character) > Fiction.
Dogs > Fiction.
Zombies > Fiction.
Farms > Fiction.
Plot-your-own stories.
Mystery and detective stories.
Detective and mystery stories.
Farms
Great Dane.
Plot-your-own stories.
Scooby-Doo (Fictitious character)
Zombies.
Genre: Fiction.
Juvenile works.
Plot-your-own stories.
Detective and mystery stories.
Mystery fiction.
LDR 02976cam a22007098i 4500
001180344
003LARL_NWRL_CONSORTIUM
00520150428124015.0
008140618s2015 mnua c 000 1 eng c
020 . ‡a9781434297136 (library binding)
020 . ‡a1434297136 (library binding)
020 . ‡a9781434297150 (pbk.)
020 . ‡a1434297152 (pbk.)
020 . ‡z9781496502131 (ebook)
035 . ‡a(OCoLC)881518443
042 . ‡alcac ‡apcc
08204. ‡a[Fic] ‡223
08204. ‡a813.54 ‡223
1001 . ‡aSutton, Laurie, ‡eauthor.
24514. ‡aThe fright at zombie farm / ‡cwritten by Laurie S. Sutton ; illustrated by Scott Neely.
260 . ‡aNorth Mankato, Minnesota : ‡bStone Arch Books, a Capstone imprint, ‡c[2015]
300 . ‡a105 pages : ‡bcolor illustrations ; ‡c19 cm.
336 . ‡atext ‡2rdacontent
336 . ‡astill image ‡2rdacontent
337 . ‡aunmediated ‡2rdamedia
338 . ‡avolume ‡2rdacarrier
4900 . ‡aYou choose. Scooby-Doo
500 . ‡a"Possible 12 endings"--Cover.
520 . ‡aWhen the gang drives out to Bushytail Farm to visit a friend, they find their friend missing, an unfriendly caretaker and zombies wandering around the farm--and the reader must help them rescue their friend and find out what is going on.
650 0. ‡aScooby-Doo (Fictitious character) ‡vJuvenile fiction. ‡0(LARL_NWRL_CONSORTIUM)174841
650 0. ‡aGreat Dane ‡vJuvenile fiction.
650 0. ‡aZombies ‡vJuvenile fiction.
650 0. ‡aFarms ‡vJuvenile fiction.
650 0. ‡aPlot-your-own stories. ‡0(LARL_NWRL_CONSORTIUM)28356
650 0. ‡aDetective and mystery stories. ‡0(LARL_NWRL_CONSORTIUM)18458
650 1. ‡aScooby-Doo (Fictitious character) ‡vFiction.
650 1. ‡aDogs ‡vFiction. ‡0(LARL_NWRL_CONSORTIUM)164539
650 1. ‡aZombies ‡vFiction.
650 1. ‡aFarms ‡vFiction.
650 1. ‡aPlot-your-own stories. ‡0(LARL_NWRL_CONSORTIUM)28356
650 1. ‡aMystery and detective stories. ‡0(LARL_NWRL_CONSORTIUM)176113
650 7. ‡aDetective and mystery stories. ‡2fast ‡0(LARL_NWRL_CONSORTIUM)18458
650 7. ‡2fast ‡aFarms ‡0(LARL_NWRL_CONSORTIUM)20011
650 7. ‡aGreat Dane. ‡2fast ‡0(LARL_NWRL_CONSORTIUM)21622
650 7. ‡aPlot-your-own stories. ‡2fast ‡0(LARL_NWRL_CONSORTIUM)28356
650 7. ‡aScooby-Doo (Fictitious character) ‡2fast ‡0(LARL_NWRL_CONSORTIUM)12637
650 7. ‡aZombies. ‡2fast ‡0(LARL_NWRL_CONSORTIUM)42055
655 7. ‡aFiction. ‡2fast
655 7. ‡aJuvenile works. ‡2fast
655 0. ‡aPlot-your-own stories.
655 0. ‡aDetective and mystery stories.
655 7. ‡aMystery fiction. ‡2gsafd
7001 . ‡aNeely, Scott, ‡eillustrator. ‡0(LARL_NWRL_CONSORTIUM)192055
901 . ‡a180344 ‡bOCLC ‡c180344 ‡tbiblio

Additional Resources